000 00600nam a22001817a 4500
005 20251108173103.0
008 250721s2002 xx 000 0 ara d
082 1 4 _a210.79/ أبر
100 1 _aإبراهيم، قاسم عبدالله
245 1 0 _aموسوعة المسابقات الإسلامية 5000 سؤال و جواب /
264 1 _aالقاهره :
_bدار التوزيع و النشر الإسلامية،
_c2002.
300 _a647ص.
650 1 7 _aالمسابقات
650 1 7 _aالإسلام
700 1 _aمرسي، محمد سعيد
942 _2ddc
_cBK
999 _c95732
_d95732